Courses de l'UTMB - Statistiques

Statistiques générales
  • Ce quiz a été pris 66 fois
  • Le résultat moyen est 5 sur 8
Statistiques - réponses
Depuis Réponse Distance Dénivelé positif (D+) % Correct
2003 UTMB® - Ultra-Trail du Mont Blanc 171km 10 000m
98%
2006 CCC® - Courmayeur-Champex-Chamonix 101km 6100m
83%
2014 OCC® - Orsières-Chamonix-Champex 56km 3500m
81%
2018 MCC - Martigny-Combe-Chamonix 40km 2300m
68%
2009 TDS® - Sur les Traces des Ducs de Savoie 121km 7300m
62%
2016 YCC - Youth Chamonix-Courmayeur 15km 1000m
53%
2008 PTL® - La Petite Trotte à Léon 300km 28 000m
49%
2022 ETC - Experience Trail Courmayeur 15km 1300m
32%
Aucun quiz correspondant
Distribution des résultats
% des personnes avec chaque résultat
Percentile par nombre de réponses
Votre historique - résultats
Vous n’avez pas pris ce quiz